<?xml version="1.0" encoding="UTF-8"?><?xml-stylesheet type="text/xsl" href="static/style.xsl"?><OAI-PMH xmlns="http://www.openarchives.org/OAI/2.0/" xmlns:xsi="http://www.w3.org/2001/XMLSchema-instance" xsi:schemaLocation="http://www.openarchives.org/OAI/2.0/ http://www.openarchives.org/OAI/2.0/OAI-PMH.xsd"><responseDate>2026-06-05T04:04:14Z</responseDate><request verb="GetRecord" identifier="oai:riuma.uma.es:10630/30064" metadataPrefix="marc">https://riuma.uma.es/rest/oai/request</request><GetRecord><record><header><identifier>oai:riuma.uma.es:10630/30064</identifier><datestamp>2026-02-03T11:16:17Z</datestamp><setSpec>com_10630_2254</setSpec><setSpec>col_10630_37953</setSpec></header><metadata><record xmlns="http://www.loc.gov/MARC21/slim" xmlns:dcterms="http://purl.org/dc/terms/" xmlns:doc="http://www.lyncode.com/xoai" xmlns:xsi="http://www.w3.org/2001/XMLSchema-instance" xsi:schemaLocation="http://www.loc.gov/MARC21/slim http://www.loc.gov/standards/marcxml/schema/MARC21slim.xsd">
   <leader>00925njm 22002777a 4500</leader>
   <datafield ind2=" " ind1=" " tag="042">
      <subfield code="a">dc</subfield>
   </datafield>
   <datafield ind2=" " ind1=" " tag="720">
      <subfield code="a">Perles-Roselló, María Jesús</subfield>
      <subfield code="e">author</subfield>
   </datafield>
   <datafield ind2=" " ind1=" " tag="720">
      <subfield code="a">Sortino-Barrionuevo, Juan Francisco</subfield>
      <subfield code="e">author</subfield>
   </datafield>
   <datafield ind2=" " ind1=" " tag="720">
      <subfield code="a">Cantarero-Prados, Francisco José</subfield>
      <subfield code="e">author</subfield>
   </datafield>
   <datafield ind2=" " ind1=" " tag="260">
      <subfield code="c">2017</subfield>
   </datafield>
   <datafield ind2=" " ind1=" " tag="520">
      <subfield code="a">En el artículo se aporta una propuesta de catálogo cartográfico de vulnerabilidad a escala intra-municipal, adaptado a los requerimientos de la normativa europea, a los Planes de Gestión del Riesgo y a los Planes de Ámbito Local a aplicar en las ARPS (Áreas de Riesgo Potencial Significativo). Se reflexiona sobre el concepto de vulnerabilidad frente al riesgo,y se puntualizan aspectos cuya definición imprecisa o dispersa dificulta la elaboración de indicadores y cartografías de vulnerabilidad consensuadas. Se adjuntan ejemplos de la cartografía propuesta aplicados al área de inundación del río Guadalhorce (Málaga)</subfield>
   </datafield>
   <datafield ind1="8" ind2=" " tag="024">
      <subfield code="a">Perles Roselló, M.J., Sortino Barrionueno, J.F y Cantarero Prados, F.J. (2017). Cartografía de la vulnerabilidad del territorio frente al riesgo de inundación. Propuesta adaptada a la Directiva Europea de Inundaciones y normativas derivadas.  En Boletín de la Asociación de Geógrafos Españoles (BAGE). Nº 75 - 2017, págs. 341-372 I.S.S.N.: 0212-9426. DOI: 10.21138/bage.2504</subfield>
   </datafield>
   <datafield ind1="8" ind2=" " tag="024">
      <subfield code="a">https://hdl.handle.net/10630/30064</subfield>
   </datafield>
   <datafield ind1="8" ind2=" " tag="024">
      <subfield code="a">10.21138/bage.2504</subfield>
   </datafield>
   <datafield tag="653" ind2=" " ind1=" ">
      <subfield code="a">Inundaciones - Cartografía</subfield>
   </datafield>
   <datafield ind2="0" ind1="0" tag="245">
      <subfield code="a">Cartografía de la vulnerabilidad del territorio frente al riesgo de inundación. Propuesta adaptada a la Directiva Europea de Inundaciones y normativas derivadas</subfield>
   </datafield>
</record>
</metadata></record></GetRecord></OAI-PMH>